000 00411cam a2200181 4500
001 D12629
008 090401t1929 xxu||||| |||| 00| 0 eng d
035 _a(Sirsi) u4816
041 _aeng
100 _aDicksee, Bernard
245 4 _aThe London Building Acts 1894 to 1928
250 _a5th
260 _bEdward Stanford
_c1929
350 _a0
520 _aShelf 114
942 _n0
948 _c04/03/1997
999 _c86069
_d86069